000 00702nam a22002177a 4500
999 _c22478
_d22478
003 AR-CdUCM
008 190409b ||||| |||| 00| 0 spa d
020 _a9786124342875
040 _aMUNICIPALIDAD PROVINCIAL DEL CUSCO
_cBIBLIOTECA MUNICIPAL DEL CUSCO
082 _a869.57/S552M
_bS552M
100 _aSilva, Ricardo
_948288
245 _aMonstruo en el paraíso /
_cRicardo Silva
260 _aLima :
_bGrupo Editorial Caja Negra,
_c2019.
300 _a245 páginas. :
_bilustraciones ;
_c21 cm.
500 _z"Poemas introspectivos"--Cubierta.
650 _aPoesías peruanas
_948289
650 _aCuentos peruanos
_948290
650 _aSiglo XXI
_948291
942 _2ddc
_cLIBROS
945 _arac